Available copies
- 1 of 1 copy available at LARL/NWRL Consortium.
- 1 of 1 copy available at Lake Agassiz Regional Library. (Show preferred library)
Current holds
0 current holds with 1 total copy.
Show Only Available Copies
| Location | Call Number / Copy Notes | Barcode | Shelving Location | Status | Due Date |
|---|---|---|---|---|---|
| Crookston Public Library | Y ZAR (Text) | 33500012465886 | Main | Available | - |
Record details
- ISBN: 9780062434593
- ISBN: 0062434594
- Physical Description: 282 pages ; 21 cm
- Publisher: New York : Balzer + Bray, [2017]
- Copyright: ©2017
Content descriptions
| Summary, etc.: | Gem has never known what it is to have security. ... Read More |
Search for related items by subject
| Subject: | Runaways > Fiction. Sisters > Fiction. Sisters > Juvenile fiction. Runaways > Juvenile fiction. Sisters > Fiction. Runaways > Fiction. Seattle (Wash) > Fiction. |
| LDR | 02354cam a2200433Ii 4500 | ||
|---|---|---|---|
| 001 | 225637 | ||
| 003 | LARL_NWRL_CONSORTIUM | ||
| 005 | 20170411163753.0 | ||
| 008 | 170217t20172017nyu 000 1 eng d | ||
| 040 | . | ‡aFHM ‡beng ‡erda ‡cFHM ‡dYDXCP ‡dBTCTA ‡dBDX ‡dWIM ‡dORX ‡dKYC ‡dGRN ‡dJAS ‡dIA4 ‡dHBP ‡dKVIJL | |
| 019 | . | ‡a952207078 ‡a973765312 ‡a975603733 ‡a975891858 | |
| 020 | . | ‡a9780062434593 | |
| 020 | . | ‡a0062434594 | |
| 035 | . | ‡a(OCoLC)972900792 ‡z(OCoLC)952207078 ‡z(OCoLC)973765312 ‡z(OCoLC)975603733 ‡z(OCoLC)975891858 | |
| 037 | . | ‡bHarpercollins Childrens Books, Attn Elaine Nealon 53 Glenmaura National Blvd Ste 300, Moosaic, PA, USA, 18507-2132 ‡nSAN 200-2086 | |
| 090 | . | ‡aPS3626.A77 ‡bG46 2017p | |
| 092 | . | ‡aFIC | |
| 100 | 1 | . | ‡aZarr, Sara, ‡eauthor. ‡0(LARL_NWRL_CONSORTIUM)194786 |
| 245 | 1 | 0. | ‡aGem & Dixie / ‡cSara Zarr. |
| 246 | 3 | . | ‡aGem and Dixie |
| 264 | 1. | ‡aNew York : ‡bBalzer + Bray, ‡c[2017] | |
| 264 | 4. | ‡c©2017 | |
| 300 | . | ‡a282 pages ; ‡c21 cm | |
| 336 | . | ‡atext ‡btxt ‡2rdacontent | |
| 337 | . | ‡aunmediated ‡bn ‡2rdamedia | |
| 338 | . | ‡avolume ‡bnc ‡2rdacarrier | |
| 520 | . | ‡aGem has never known what it is to have security. She's never known an adult she can truly rely on. But the one constant in her life has been Dixie. Gem grew up taking care of her sister when no one else could: not their mother, whose issues make it hard for her to keep food on the table, and definitely not their father, whose intermittent presence is the only thing worse than his frequent absence. Even as Gem and Dixie have grown apart, they've always had each other. When their dad returns home for the first time in years and tries to insert himself back into their lives, Gem finds herself with an unexpected opportunity: three days with Dixie--on their own in Seattle and beyond. But this short trip soon becomes something more, as Gem discovers that to save herself, she may have to sever the one bond she's tried so hard to keep. | |
| 650 | 1. | ‡aRunaways ‡vFiction. | |
| 650 | 1. | ‡aSisters ‡vFiction. ‡0(LARL_NWRL_CONSORTIUM)167281 | |
| 650 | 0. | ‡aSisters ‡vJuvenile fiction. ‡0(LARL_NWRL_CONSORTIUM)167228 | |
| 650 | 0. | ‡aRunaways ‡vJuvenile fiction. | |
| 650 | 4. | ‡aSisters ‡vFiction. ‡0(LARL_NWRL_CONSORTIUM)167281 | |
| 650 | 4. | ‡aRunaways ‡vFiction. | |
| 651 | 4. | ‡aSeattle (Wash) ‡vFiction. ‡0(LARL_NWRL_CONSORTIUM)167255 | |
| 901 | . | ‡a225637 ‡bOCoLC ‡c225637 ‡tbiblio ‡soclc | |

Add to basket
Permalink
Disable Highlighting